000 00384pab a2200169 454500
008 180718b1996 xxu||||| |||| 00| 0 eng d
100 _aHaksar, Nandita
245 _aThe political issues
260 _c1996
300 _ap.59-61
362 _aMay
650 _aMuslim women - India
650 _aCivil law - India
650 _aCivil law
773 _aSeminar
909 _a31510
999 _c31510
_d31510